Statistics for Historical Figures by Letter - T

Click here to take the quiz!

General Stats

  • This quiz has been taken 69 times
  • The average score is 15 of 20

Answer Stats

HintFigure% Correct
First female British Prime MinisterMargaret Thatcher
100%
Pharaoh who was dug up in 1922Tutankhamun
100%
US President after WWIIHarry S. Truman
95%
President elected in 2016Donald Trump
94%
Albanian Catholic nun of KolkataMother Teresa
94%
Wrote "The Lord of the Rings"J.R.R. Tolkien
92%
Canadian Prime Minister, 1968-84Pierre Trudeau
90%
Serbian inventor who helped make
A/C power a reality
Nikola Tesla
90%
Creator of Huckleberry FinnMark Twain
87%
Author of "War and Peace"Leo Tolstoy
87%
Exiled Soviet leader assassinated
in Mexico
Leon Trotsky
78%
Yugoslavian leaderJosip Broz Tito
78%
Portrayed "Cleopatra" in 1963Elizabeth Taylor
76%
Escaped American slave who
rescued 70 others
Harriet Tubman
75%
Second emperor of RomeTiberius
73%
Composer of "The Nutcracker"Pyotr Tchaikovsky
73%
He "discovered" New ZealandAbel Tasman
52%
Japanese Prime Minister in WWIIHideki Tojo
49%
1300s conqueror who killed 5% of
the world's population
Timur
22%
Burmese UN Secretary-GeneralU Thant
16%

Score Distribution

Percentile by Number Answered

Percent of People with Each Score

Your Score History

You have not taken this quiz